| 000 | 00828nam a2200205Ia 4500 | ||
|---|---|---|---|
| 003 | OSt | ||
| 005 | 20250911114516.0 | ||
| 008 | 220922b |||||||| |||| 00| 0 hin d | ||
| 037 | _cTextual | ||
| 040 |
_aARTS _cARTS _bhin |
||
| 041 |
_2hin _ahin |
||
| 100 |
_aकाका हाथरसी; शरण, गिरिराज _9167357 |
||
| 245 | 0 | _aश्रेष्ठ हास्य व्यंग्य कहानियॉं | |
| 246 | _aShreṣhṭha hāsya vyangya kahāniyaॉan | ||
| 260 |
_aदिल्ली _b प्रभात प्रका0 _c1982 |
||
| 300 |
_a183 पृ. _ccm. |
||
| 650 |
_aहिन्दी साहित्य _9156264 |
||
| 942 |
_hO152,8N063x, M2 _cTEXL _2CC _n0 |
||
| 999 |
_c364507 _d364507 |
||